000 00553nam a2200217Ia 4500
003 OSt
005 20221005125731.0
006 a|||||r|||| 00| 0
007 ta
008 221004b |||||||| |||| 00| 0 eng d
024 _a53727
037 _cTextual
040 _aCRL
_cCRL
_beng
041 _2eng
_aeng
082 _aT4:3:Vp1:N64, K4
245 0 _aPostgraduate teaching and research in History
_b Proceedings
260 _c1964
650 _aEDUCATION
942 _hT4:3:Vp1:N64, K4
_cTEXL
_2cc
999 _c1054894
_d1054894